Aj černoch má dušu

Bibliographic Details
Main Author: Katkiň, Róbert, 1982- (Author)
Format: Article
Language:Slovak
ISSN:1335-1702
Subjects:

MARC

LEADER 00000nab a2200000 a 4500
001 vtls008845300
003 SK-MaSNL
005 20260304143729.0
008 250505c2006 xo mr|p|||||||000 b|slo
015 |a SNBRB2006/09  |2 snkbucl 
035 |a (uuid)29de739c-5ea2-40c4-a974-f0f711f7d833 
035 |a urn:nbn:sk:snk-ab9xm3 
035 |a (urnnbn)urn:nbn:sk:snk:ar-a093ny 
038 |a SNKBUCL 
040 |a SNKBUCL  |b slo  |c SNKBUCL  |e AACR2 
041 0 |a slo 
044 |a xo  |c SK 
080 |a 821.162.4-4  |2 1997 
100 1 |a Katkiň, Róbert,  |d 1982-  |4 aut  |9 24479 
245 1 0 |a Aj černoch má dušu  |c Róbert Katkiň 
650 0 7 |a eseje, slovenské  |2 snkbucl  |9 304982 
773 0 |t RAK  |g Roč. XI, č. 3 (2006), s. 3-4  |x 1335-1702 
850 |a Slovenská národná knižnica 
852 |a Slovenská národná knižnica 
958 |a article13 
958 |a OND 
958 |a LX 
958 |a SK 
958 |a EUIPO 
999 |c 2927242  |d 2929172